[Event "BEM2013 Allgemeine Gruppe"]
[Site "Roses Westerndorf St. Peter"]
[Date "2013.08.28"]
[Round "6.3"]
[White "Schmid, Roland"]
[Black "Zill, Christoph"]
[Result "1-0"]
[WhiteElo "2235"]
[BlackElo "2205"]
[PlyCount "107"]
[EventDate "2013.??.??"]
[EventCountry "ESP"]
[WhiteTeam "TSV Wacker Neutraubling"]
[BlackTeam "SK Freising"]

1. d4 f5 2. g3 Nf6 3. Bg2 d6 4. c4 g6 5. Nf3 Bg7 6. b3 O-O 7. Bb2 e5 8. dxe5
Ng4 9. h3 Nxe5 10. Qd5+ Nf7 11. Bxg7 Kxg7 12. Nc3 c6 13. Qd2 Na6 14. O-O Qf6
15. Rad1 Nc5 16. h4 h6 17. b4 Ne6 18. b5 Bd7 19. Nd4 Rac8 20. bxc6 bxc6 21. f4
Rfd8 22. Nxc6 Bxc6 23. Bxc6 Rxc6 24. Nd5 Qd4+ 25. Qxd4+ Nxd4 26. Rxd4 Rdc8 27.
Rc1 Rc5 28. Kf2 Rb8 29. Rc2 Rb1 30. e4 Rh1 31. Kg2 Re1 32. exf5 gxf5 33. Rd3
Re4 34. Ne3 Re8 35. Rb2 Ra5 36. Kf3 Kg6 37. a3 Rc8 38. Rb7 Rc6 39. Rb5 Rca6 40.
Nxf5 Rxa3 41. Rxa3 Rxa3+ 42. Ne3 h5 43. Rb7 a5 44. Ke4 d5+ 45. Kd4 dxc4 46. f5+
Kf6 47. Rb6+ Kg7 48. Rg6+ Kh7 49. Nxc4 Rb3 50. Ne3 a4 51. Nd5 Rb8 52. Ra6 Rb3
53. Nf6+ Kh8 54. Rxa4 1-0

[Event "BEM2013 Allgemeine Gruppe"]
[Site "Roses Westerndorf St. Peter"]
[Date "2013.08.28"]
[Round "6.4"]
[White "Pohl-Kuemmel, Jens-Uwe"]
[Black "Lentrodt, Thomas"]
[Result "1/2-1/2"]
[WhiteElo "2292"]
[BlackElo "2274"]
[PlyCount "66"]
[EventDate "2013.??.??"]
[EventCountry "ESP"]
[WhiteTeam "TSV Wacker Neutraubling"]
[BlackTeam "FC Bayern München e.V."]

1. d4 Nf6 2. Nf3 e6 3. c4 Bb4+ 4. Bd2 Qe7 5. g3 O-O 6. Bg2 Bxd2+ 7. Qxd2 d6 8.
Nc3 Nbd7 9. O-O e5 10. e4 c6 11. h3 Re8 12. Rfe1 Nf8 13. Rad1 Ng6 14. b4 Bd7
15. Qb2 Qd8 16. a3 Qc7 17. Kh2 Rad8 18. Qb3 h6 19. Re2 Bc8 20. Red2 a6 21. dxe5
dxe5 22. c5 Rxd2 23. Rxd2 Rd8 24. Qd1 Rxd2 25. Qxd2 Be6 26. Ne1 Qd7 27. Qxd7
Nxd7 28. Nc2 Ngf8 29. Ne3 g6 30. Bf1 a5 31. Bc4 axb4 32. axb4 Kg7 33. Kg2 g5
1/2-1/2

[Event "BEM2013 Allgemeine Gruppe"]
[Site "Roses Westerndorf St. Peter"]
[Date "2013.08.28"]
[Round "6.5"]
[White "Knechtel, Roland"]
[Black "Feldheim, Jonas"]
[Result "1-0"]
[WhiteElo "2221"]
[BlackElo "2009"]
[PlyCount "67"]
[EventDate "2013.??.??"]
[EventCountry "ESP"]
[WhiteTeam "SV Röhrnbach e.V."]
[BlackTeam "SC Bechhofen 1923 e.V."]

1. d4 d5 2. c4 e6 3. cxd5 exd5 4. Qc2 Nc6 5. Nf3 Bg4 6. e3 Qf6 7. Bb5 Bxf3 8.
Bxc6+ Qxc6 9. Qxc6+ bxc6 10. gxf3 c5 11. Nc3 Nf6 12. Nb5 Kd7 13. dxc5 Bxc5 14.
Ke2 Ne8 15. b3 c6 16. Nc3 Be7 17. Na4 f5 18. Bb2 Bf6 19. Bxf6 Nxf6 20. Rac1
Rac8 21. Rhg1 g6 22. Rc2 Kd6 23. Rgc1 Nd7 24. Nc3 Rb8 25. f4 Rhe8 26. Kf3 a6
27. Rd1 Nf6 28. Na4 Ne4 29. Nb2 Nf6 30. Nc4+ Kc7 31. Ne5 Rxe5 32. Rdc1 Rb6 33.
Rc5 Nd7 34. Rxd5 1-0

[Event "BEM2013 Allgemeine Gruppe"]
[Site "Roses Westerndorf St. Peter"]
[Date "2013.08.28"]
[Round "6.6"]
[White "Straub, Jürgen"]
[Black "Wittmann, Helmut"]
[Result "1-0"]
[WhiteElo "2218"]
[BlackElo "2093"]
[PlyCount "79"]
[EventDate "2013.??.??"]
[EventCountry "ESP"]
[WhiteTeam "SK Ingolstadt"]
[BlackTeam "BSG Wöhrlhaus Erlangen"]

1. c4 e5 2. Nc3 Nc6 3. g3 Bc5 4. Bg2 f5 5. e3 Nf6 6. Nge2 f4 7. d4 fxe3 8. dxc5
exf2+ 9. Kxf2 Qe7 10. h3 O-O 11. Kg1 Qxc5+ 12. Kh2 Qxc4 13. Rf1 Nd4 14. Nxd4
Qxd4 15. Qxd4 exd4 16. Nb5 c6 17. Nxd4 d5 18. Bg5 Bd7 19. Rae1 Ne4 20. Bxe4
dxe4 21. Be7 Rxf1 22. Rxf1 b6 23. Nf5 Re8 24. Bb4 e3 25. Nxe3 c5 26. Bd2 Be6
27. a3 Rd8 28. Bc1 b5 29. Rf2 a5 30. Rc2 Rc8 31. a4 Bb3 32. Rc3 Bxa4 33. Nd5 b4
34. Ne7+ Kf8 35. Nxc8 bxc3 36. bxc3 Ke8 37. Ba3 c4 38. Nd6+ Kd7 39. Nb7 Bb5 40.
Nc5+ 1-0

[Event "BEM2013 Allgemeine Gruppe"]
[Site "Roses Westerndorf St. Peter"]
[Date "2013.08.28"]
[Round "6.7"]
[White "Schelle, Artur"]
[Black "Kapfer, Ulrich"]
[Result "1-0"]
[WhiteElo "2210"]
[BlackElo "1937"]
[PlyCount "29"]
[EventDate "2013.??.??"]
[EventCountry "ESP"]
[WhiteTeam "SC Tarrasch 45 München"]
[BlackTeam "SC Dillingen"]

1. e4 e6 2. d4 d5 3. Nc3 Nf6 4. e5 Nfd7 5. f4 c5 6. Nf3 Nb6 7. Be3 a6 8. Qd2
Be7 9. Be2 Nc6 10. O-O cxd4 11. Nxd4 Nxd4 12. Bxd4 Bc5 13. Rf3 Bxd4+ 14. Qxd4
Qc7 15. Qxb6 1-0

[Event "BEM2013 Allgemeine Gruppe"]
[Site "Roses Westerndorf St. Peter"]
[Date "2013.08.28"]
[Round "6.8"]
[White "Krenz, Dieter"]
[Black "Bintakies, Michael"]
[Result "0-1"]
[WhiteElo "2020"]
[BlackElo "2189"]
[PlyCount "66"]
[EventDate "2013.??.??"]
[EventCountry "ESP"]
[WhiteTeam "SC Prichsenstadt"]
[BlackTeam "SK Kriegshaber"]

1. e4 d5 2. exd5 Qxd5 3. Nc3 Qd6 4. d4 Nf6 5. Bc4 a6 6. Nge2 b5 7. Bb3 Bb7 8.
O-O e6 9. Bf4 Qd7 10. Be3 Be7 11. a3 O-O 12. f3 Rd8 13. Qe1 c5 14. dxc5 Qc7 15.
Qf2 Nbd7 16. c6 Qxc6 17. Nd4 Qc8 18. Rfd1 Nc5 19. Ba2 Qc7 20. Rac1 Rac8 21.
Nce2 Nd5 22. Bxd5 Bxd5 23. Nb3 Na4 24. Bd4 e5 25. Be3 Nxb2 26. Re1 Nc4 27. Kf1
Bxa3 28. Ra1 Bb4 29. Red1 Nxe3+ 30. Qxe3 Qxc2 31. Rxd5 Rxd5 32. Rc1 Rd1+ 33.
Rxd1 Qxd1+ 0-1

[Event "BEM2013 Allgemeine Gruppe"]
[Site "Roses Westerndorf St. Peter"]
[Date "2013.08.28"]
[Round "6.9"]
[White "Nagy, Laszlo"]
[Black "Jussupow, Nadia"]
[Result "0-1"]
[WhiteElo "1945"]
[BlackElo "2156"]
[PlyCount "54"]
[EventDate "2013.??.??"]
[EventCountry "ESP"]
[WhiteTeam "SG Vogtareuth-Prutting"]
[BlackTeam "SK Krumbach"]

1. d4 d5 2. c4 e6 3. Nc3 c6 4. cxd5 exd5 5. Bf4 Bd6 6. Bxd6 Qxd6 7. Qc2 Nf6 8.
e3 O-O 9. Bd3 Re8 10. h3 Nbd7 11. Nf3 Nf8 12. O-O Nh5 13. Rfe1 Qf6 14. Ne5 g5
15. g4 Ng7 16. Ne2 Ng6 17. Bxg6 hxg6 18. Kg2 Ne6 19. f3 c5 20. Nd3 b6 21. Qc3
Bb7 22. b3 Rac8 23. Qb2 Ba6 24. dxc5 Qxb2 25. Nxb2 Rxc5 26. Rac1 Bxe2 27. Rxc5
bxc5 0-1

[Event "BEM2013 Allgemeine Gruppe"]
[Site "Roses Westerndorf St. Peter"]
[Date "2013.08.28"]
[Round "6.11"]
[White "Schatz, Christian"]
[Black "Eichner, Manfred"]
[Result "1/2-1/2"]
[WhiteElo "2193"]
[BlackElo "2042"]
[PlyCount "63"]
[EventDate "2013.??.??"]
[EventCountry "ESP"]
[WhiteTeam "Schachklub Schweinfurt 2000 e.V."]
[BlackTeam "SK 1908 Göggingen"]

1. Nf3 c5 2. c4 g6 3. g3 Bg7 4. Bg2 Nc6 5. Nc3 e5 6. O-O Nge7 7. d3 O-O 8. a3
a5 9. Ne1 d6 10. Nc2 Be6 11. Ne3 f5 12. Ned5 h6 13. e3 Kh7 14. Bd2 g5 15. Rb1
Rb8 16. f4 exf4 17. exf4 g4 18. Re1 Nd4 19. Nxe7 Qxe7 20. Nd5 Qd8 21. Bc3 b6
22. Qd2 Re8 23. Re3 Nb3 24. Qf2 Bd4 25. Bxd4 Nxd4 26. Rbe1 Kg6 27. Nc3 Qd7 28.
a4 Bf7 29. Nb5 Nxb5 30. axb5 Rxe3 31. Rxe3 d5 32. Bxd5 1/2-1/2

[Event "BEM2013 Allgemeine Gruppe"]
[Site "Roses Westerndorf St. Peter"]
[Date "2013.08.28"]
[Round "6.12"]
[White "Dirmeier, Carolin"]
[Black "Schindler, Viktor"]
[Result "1/2-1/2"]
[WhiteElo "2030"]
[BlackElo "2120"]
[PlyCount "21"]
[EventDate "2013.??.??"]
[EventCountry "ESP"]
[WhiteTeam "FC Bayern München e.V."]
[BlackTeam "PTSV SK Hof 1892"]

1. e4 e5 2. Nf3 d6 3. d4 exd4 4. Nxd4 Nf6 5. Nc3 Nc6 6. Bg5 Be6 7. Be2 Be7 8.
O-O O-O 9. Qd2 a6 10. Kh1 Qd7 11. f4 1/2-1/2

[Event "BEM2013 Allgemeine Gruppe"]
[Site "Roses Westerndorf St. Peter"]
[Date "2013.08.28"]
[Round "6.13"]
[White "Probst, Albert"]
[Black "Kunz, Konstantin"]
[Result "0-1"]
[WhiteElo "2123"]
[BlackElo "2174"]
[PlyCount "177"]
[EventDate "2013.??.??"]
[EventCountry "ESP"]
[WhiteTeam "SK Bruckmühl e.V."]
[BlackTeam "SC Kitzingen von 1905"]

1. f4 c5 2. Nf3 g6 3. e3 Bg7 4. Be2 d6 5. O-O Nc6 6. c3 e5 7. fxe5 dxe5 8. e4
Be6 9. d3 h6 10. Nbd2 Nge7 11. Nb3 b6 12. Be3 O-O 13. Qd2 g5 14. h3 Ng6 15. Nh2
f5 16. exf5 Bxf5 17. Rad1 Nf4 18. Bxf4 exf4 19. Bf3 Rc8 20. Rfe1 Qd7 21. Be4
Rcd8 22. Nf3 Rfe8 23. Bxf5 Rxe1+ 24. Rxe1 Qxf5 25. Nc1 Rd7 26. Re8+ Kf7 27. Re4
Qd5 28. Qe2 Re7 29. Nd2 Ne5 30. Qh5+ Kf8 31. Qe2 Bf6 32. Kf1 Nc6 33. Rxe7 Nxe7
34. Qe4 Kf7 35. Qxd5+ Nxd5 36. Ke2 Ke6 37. Ne4 Be5 38. Nb3 Ne3 39. g3 Nf5 40.
gxf4 Bxf4 41. Nbd2 h5 42. Nf3 g4 43. hxg4 hxg4 44. Nfg5+ Bxg5 45. Nxg5+ Ke5 46.
Kf2 Ng7 47. Kg3 Kf5 48. Ne4 Nh5+ 49. Kh4 Nf4 50. Nd6+ Ke5 51. Nc4+ Ke6 52. Kxg4
Nxd3 53. Kf3 b5 54. Na3 a6 55. b3 b4 56. Ke3 Nc1 57. cxb4 cxb4 58. Nc4 Kd5 59.
Kd2 Nxa2 60. Kc2 Nc3 61. Na5 Nb5 62. Nc4 Nd4+ 63. Kb2 Ke4 64. Na5 Kd3 65. Nb7
Kd2 66. Nc5 a5 67. Nb7 Nc6 68. Nc5 Ke3 69. Nb7 Kd3 70. Nc5+ Kd4 71. Ne6+ Ke5
72. Nc5 Kd6 73. Ne4+ Kd5 74. Nf6+ Kc5 75. Nd7+ Kb5 76. Nf6 Nd4 77. Ne4 Kc6 78.
Nd2 Kd5 79. Nc4 Nc6 80. Nb6+ Kd4 81. Nd7 Ne5 82. Nf6 Kd3 83. Nd5 Kd2 84. Kb1
Nd3 85. Nc7 Kc3 86. Nd5+ Kxb3 87. Nb6 Ka3 88. Ka1 Ne5 89. Kb1 0-1

[Event "BEM2013 Allgemeine Gruppe"]
[Site "Roses Westerndorf St. Peter"]
[Date "2013.08.28"]
[Round "6.14"]
[White "Müller, Michael"]
[Black "Schlichtmann, Robin"]
[Result "1/2-1/2"]
[WhiteElo "2091"]
[BlackElo "1983"]
[PlyCount "44"]
[EventDate "2013.??.??"]
[EventCountry "ESP"]
[WhiteTeam "SC Bayerwald Regen/Zwiesel e.V."]
[BlackTeam "SK Bruckmühl e.V."]

1. Nf3 Nf6 2. g3 g6 3. Bg2 Bg7 4. O-O O-O 5. d3 d5 6. Nbd2 c5 7. e4 Nc6 8. Re1
dxe4 9. dxe4 e5 10. c3 h6 11. Qc2 Be6 12. Nf1 Qc7 13. Ne3 Rfd8 14. h3 b5 15.
Nh4 Rac8 16. Qe2 a6 17. Ng4 Nxg4 18. hxg4 Qd7 19. f3 Qd3 20. Qxd3 Rxd3 21. Bf1
Rd7 22. a4 Rb7 1/2-1/2

[Event "BEM2013 Allgemeine Gruppe"]
[Site "Roses Westerndorf St. Peter"]
[Date "2013.08.28"]
[Round "6.15"]
[White "Eichinger, Christoph"]
[Black "Lochte, Thomas"]
[Result "1/2-1/2"]
[WhiteElo "1989"]
[BlackElo "2164"]
[PlyCount "31"]
[EventDate "2013.??.??"]
[EventCountry "ESP"]
[WhiteTeam "TSV Kareth-Lappersdorf"]
[BlackTeam "SK Weilheim"]

1. e4 e5 2. Nf3 Nf6 3. Nxe5 d6 4. Nf3 Nxe4 5. d4 d5 6. Bd3 Be7 7. O-O Bg4 8.
Nbd2 Nxd2 9. Bxd2 Qd6 10. Re1 Nc6 11. c3 O-O 12. Qe2 Qf6 13. Qe3 Bxf3 14. Qxf3
Qxf3 15. gxf3 Bd6 16. Re2 1/2-1/2

[Event "BEM2013 Allgemeine Gruppe"]
[Site "Roses Westerndorf St. Peter"]
[Date "2013.08.29"]
[Round "7.1"]
[White "Knechtel, Roland"]
[Black "Stips, Felix"]
[Result "0-1"]
[WhiteElo "2221"]
[BlackElo "2287"]
[PlyCount "45"]
[EventDate "2013.??.??"]
[EventCountry "ESP"]
[WhiteTeam "SV Röhrnbach e.V."]
[BlackTeam "TSV Bindlach Aktionär-Schachabte"]

1. d4 d5 2. c4 Nc6 3. Nc3 dxc4 4. d5 Ne5 5. f4 Ng4 6. h3 N4f6 7. e4 e6 8. Be3
exd5 9. e5 Nd7 10. Qxd5 Qh4+ 11. Kd2 Nb6 12. Qe4 Bb4 13. Rd1 Nh6 14. Nf3 Qe7
15. Bxb6 axb6 16. Bxc4 Nf5 17. Rhe1 Ng3 18. Qc2 Bf5 19. Bd3 Bxd3 20. Kxd3 Rd8+
21. Kc4 b5+ 22. Kxb5 Qc5+ 23. Ka4 0-1

[Event "BEM2013 Allgemeine Gruppe"]
[Site "Roses Westerndorf St. Peter"]
[Date "2013.08.29"]
[Round "7.2"]
[White "Schmid, Roland"]
[Black "Baldauf, Marco"]
[Result "1/2-1/2"]
[WhiteElo "2235"]
[BlackElo "2412"]
[PlyCount "75"]
[EventDate "2013.??.??"]
[EventCountry "ESP"]
[WhiteTeam "TSV Wacker Neutraubling"]
[BlackTeam "SG Pang-Rosenheim 1910 e.V."]

1. d4 Nf6 2. c4 e6 3. Nc3 c5 4. d5 exd5 5. cxd5 d6 6. e4 g6 7. Nge2 Bg7 8. Ng3
O-O 9. Be2 a6 10. a4 Nbd7 11. O-O Re8 12. Be3 Rb8 13. f3 h5 14. Nh1 Nh7 15. Nf2
Ne5 16. h3 f5 17. Qd2 Nf6 18. Rab1 b5 19. axb5 axb5 20. Nxb5 Ba6 21. Na3 Bxe2
22. Qxe2 Rb3 23. Kh1 fxe4 24. fxe4 Qb6 25. Bf4 Nfd7 26. Nc2 Rf8 27. Bxe5 Nxe5
28. Nd1 Rxf1+ 29. Qxf1 Kh7 30. Ra1 c4 31. Qg1 Qxg1+ 32. Kxg1 Nd3 33. Ra4 Bxb2
34. Rxc4 Be5 35. Kf1 Rb1 36. Nce3 Kh6 37. Ke2 Nc5 38. Nf2 1/2-1/2

[Event "BEM2013 Allgemeine Gruppe"]
[Site "Roses Westerndorf St. Peter"]
[Date "2013.08.29"]
[Round "7.3"]
[White "Reich, Thomas"]
[Black "Schelle, Artur"]
[Result "1-0"]
[WhiteElo "2382"]
[BlackElo "2210"]
[PlyCount "74"]
[EventDate "2013.??.??"]
[EventCountry "ESP"]
[WhiteTeam "FC Bayern München e.V."]
[BlackTeam "SC Tarrasch 45 München"]

1. d4 f5 2. c4 Nf6 3. Nc3 d6 4. Nf3 g6 5. g3 Bg7 6. Bg2 O-O 7. O-O Nc6 8. d5
Ne5 9. Nxe5 dxe5 10. Qb3 h6 11. Rd1 a6 12. c5 Kh8 13. Bd2 Qe8 14. Be1 Rb8 15.
Rac1 Bd7 16. d6 exd6 17. cxd6 c6 18. Na4 Be6 19. Qa3 Nd7 20. Ba5 b6 21. Be1 c5
22. Nc3 Qf7 23. Nd5 e4 24. Nf4 g5 25. Nxe6 Qxe6 26. b4 cxb4 27. Qxa6 Nc5 28.
Qc4 Qxc4 29. Rxc4 Bc3 30. Bxc3+ bxc3 31. Rxc3 Rf6 32. Rc4 Rd8 33. Rdd4 Kg7 34.
e3 Rd7 35. f3 Re6 36. fxe4 Nxe4 37. g4 Rdxd6 1-0

[Event "BEM2013 Allgemeine Gruppe"]
[Site "Roses Westerndorf St. Peter"]
[Date "2013.08.29"]
[Round "7.5"]
[White "Bintakies, Michael"]
[Black "Lentrodt, Thomas"]
[Result "1-0"]
[WhiteElo "2189"]
[BlackElo "2274"]
[PlyCount "67"]
[EventDate "2013.??.??"]
[EventCountry "ESP"]
[WhiteTeam "SK Kriegshaber"]
[BlackTeam "FC Bayern München e.V."]

1. f4 d5 2. Nf3 Nf6 3. g3 g6 4. Bg2 Bg7 5. O-O O-O 6. d3 c5 7. Qe1 d4 8. Na3
Nc6 9. c3 Nd5 10. Bd2 Rb8 11. Nc2 b5 12. cxd4 cxd4 13. Qf2 Nc7 14. Rac1 Be6 15.
a3 Rc8 16. Nb4 Nxb4 17. Bxb4 Na6 18. Rxc8 Nxb4 19. axb4 Qd6 20. Rc5 Bd7 21. Ne5
Rc8 22. Qf3 Be6 23. Rxc8+ Bxc8 24. Qa8 Qc7 25. Nc6 Bf8 26. Qxa7 Qd6 27. Qxd4
Qe6 28. Kf2 h5 29. Nd8 Qa6 30. Bc6 Bg7 31. Qc5 Bf6 32. Bxb5 Qa8 33. Qc6 Qa7+
34. e3 1-0

[Event "BEM2013 Allgemeine Gruppe"]
[Site "Roses Westerndorf St. Peter"]
[Date "2013.08.29"]
[Round "7.6"]
[White "Jussupow, Nadia"]
[Black "Straub, Jürgen"]
[Result "1/2-1/2"]
[WhiteElo "2156"]
[BlackElo "2218"]
[PlyCount "43"]
[EventDate "2013.??.??"]
[EventCountry "ESP"]
[WhiteTeam "SK Krumbach"]
[BlackTeam "SK Ingolstadt"]

1. e4 c5 2. d4 cxd4 3. c3 dxc3 4. Nxc3 e6 5. Nf3 Bc5 6. Bc4 Ne7 7. O-O a6 8.
Bg5 f6 9. Bh4 O-O 10. Rc1 Nbc6 11. Nd5 Ba7 12. Nxe7+ Qxe7 13. e5 Bb8 14. Re1
Qf7 15. exf6 gxf6 16. Nd4 Nxd4 17. Qxd4 d5 18. Bb3 Bd7 19. Rc3 Bd6 20. Rf3 Be7
21. Qg4+ Qg7 22. Qxg7+ 1/2-1/2

[Event "BEM2013 Allgemeine Gruppe"]
[Site "Roses Westerndorf St. Peter"]
[Date "2013.08.29"]
[Round "7.7"]
[White "Zill, Christoph"]
[Black "Wilfert, André"]
[Result "1-0"]
[WhiteElo "2205"]
[BlackElo "2057"]
[PlyCount "103"]
[EventDate "2013.??.??"]
[EventCountry "ESP"]
[WhiteTeam "SK Freising"]
[BlackTeam "1.FC Marktleuthen"]

1. e4 c5 2. Nf3 e6 3. d4 cxd4 4. Nxd4 a6 5. Nc3 Qc7 6. Be2 Bb4 7. O-O Nf6 8.
Bf3 Nc6 9. Nxc6 dxc6 10. Qd4 Bd6 11. g3 e5 12. Qd3 Bh3 13. Bg2 Bxg2 14. Kxg2
O-O 15. Bg5 Be7 16. Bxf6 Bxf6 17. Rad1 Rfd8 18. Qe3 Rd4 19. Ne2 Rxd1 20. Rxd1
Rd8 21. Rd3 Rxd3 22. Qxd3 Qd8 23. b3 Be7 24. Qxd8+ Bxd8 25. Nc1 Bb6 26. c3 Kf8
27. Nd3 f6 28. f4 exf4 29. gxf4 Kf7 30. Kf3 g6 31. h3 Ke6 32. c4 Bd4 33. a4 Kd6
34. e5+ Ke6 35. Ke4 c5 36. exf6 Kxf6 37. Kd5 Be3 38. Nxc5 Bxf4 39. Nxb7 g5 40.
c5 Bb8 41. c6 h5 42. Nc5 Kf5 43. Nxa6 Bf4 44. c7 Bxc7 45. Nxc7 g4 46. hxg4+
Kxg4 47. Ke4 h4 48. Nd5 h3 49. Ne3+ Kg3 50. Kf5 h2 51. Nf1+ Kh3 52. Nxh2 1-0

[Event "BEM2013 Allgemeine Gruppe"]
[Site "Roses Westerndorf St. Peter"]
[Date "2013.08.29"]
[Round "7.8"]
[White "Graf, Christian"]
[Black "Wittmann, Helmut"]
[Result "1-0"]
[WhiteElo "2146"]
[BlackElo "2093"]
[PlyCount "72"]
[EventDate "2013.??.??"]
[EventCountry "ESP"]
[WhiteTeam "SU Ebersberg-Grafing"]
[BlackTeam "BSG Wöhrlhaus Erlangen"]

1. e4 e5 2. Nf3 Nc6 3. Bb5 g6 4. O-O Bg7 5. c3 a6 6. Ba4 d6 7. h3 Nf6 8. d4 O-O
9. Re1 b5 10. Bb3 exd4 11. cxd4 Na5 12. Bc2 Bb7 13. Bg5 h6 14. Bh4 Re8 15. Nbd2
Qd7 16. Rc1 Nh5 17. b3 g5 18. Bg3 Nxg3 19. fxg3 Nc6 20. d5 Nd4 21. Kh2 c5 22.
Nf1 f5 23. Nxd4 cxd4 24. exf5 Bxd5 25. Qd3 Qf7 26. Nd2 Rac8 27. Rxe8+ Rxe8 28.
f6 Bxf6 29. Rf1 Qg7 30. Qf5 Be5 31. Nf3 Be6 32. Qe4 Bf7 33. Qc6 g4 34. Nxe5
dxe5 35. Be4 gxh3 36. gxh3 Qg5 1-0

[Event "BEM2013 Allgemeine Gruppe"]
[Site "Roses Westerndorf St. Peter"]
[Date "2013.08.29"]
[Round "7.10"]
[White "Schindler, Viktor"]
[Black "Schatz, Christian"]
[Result "1/2-1/2"]
[WhiteElo "2120"]
[BlackElo "2193"]
[PlyCount "26"]
[EventDate "2013.??.??"]
[EventCountry "ESP"]
[WhiteTeam "PTSV SK Hof 1892"]
[BlackTeam "Schachklub Schweinfurt 2000 e.V."]

1. e4 Nf6 2. e5 Nd5 3. d4 d6 4. c4 Nb6 5. exd6 exd6 6. h3 Be7 7. Nf3 Bf5 8. Be2
O-O 9. O-O Re8 10. Nc3 h6 11. Be3 Nc6 12. d5 Nb8 13. Rc1 N6d7 1/2-1/2

[Event "BEM2013 Allgemeine Gruppe"]
[Site "Roses Westerndorf St. Peter"]
[Date "2013.08.29"]
[Round "7.11"]
[White "Kunz, Konstantin"]
[Black "Krenz, Dieter"]
[Result "1-0"]
[WhiteElo "2174"]
[BlackElo "2020"]
[PlyCount "141"]
[EventDate "2013.??.??"]
[EventCountry "ESP"]
[WhiteTeam "SC Kitzingen von 1905"]
[BlackTeam "SC Prichsenstadt"]

1. d4 d5 2. c4 e6 3. Nf3 Nf6 4. Nc3 Be7 5. Bf4 O-O 6. e3 a6 7. cxd5 Nxd5 8. Bd3
Nxf4 9. exf4 Nd7 10. O-O Nf6 11. Ne5 Bd7 12. Qf3 Rb8 13. Rad1 Qc8 14. a3 c5 15.
dxc5 Bxc5 16. Rc1 Qe8 17. Ne4 Be7 18. Rc7 Bc6 19. Nxf6+ Bxf6 20. Nxc6 bxc6 21.
Rxc6 Rxb2 22. Rxa6 g6 23. f5 Bd4 24. Qe4 e5 25. h4 Kh8 26. h5 Qd8 27. f6 Rg8
28. Bc4 Rf8 29. Bd3 Rd2 30. Bb1 Qc8 31. Ra4 Rxf2 32. Rxf2 Qc1+ 33. Kh2 Bxf2 34.
hxg6 Qg1+ 35. Kh3 Qh1+ 36. Kg4 hxg6 37. Kf3 Bd4 38. Bd3 Qd1+ 39. Kg3 Kg8 40.
Ra8 Rxa8 41. Qxa8+ Kh7 42. Qf3 Qe1+ 43. Kg4 Qd2 44. Bxg6+ Kh6 45. Bxf7 Qg5+ 46.
Kh3 e4 47. Qxe4 Bxf6 48. Qg4 Qe3+ 49. Qf3 Qg5 50. g3 Kg7 51. Bh5 Kh6 52. Bg4
Kg7 53. a4 Qh6+ 54. Bh5 Qg5 55. Qg4 Kh6 56. Qxg5+ Kxg5 57. Bf3 Bc3 58. Kg2 Kf5
59. Kf2 Ke5 60. Bb7 Bb4 61. Kf3 Bc3 62. Bc8 Bb4 63. Ke3 Be1 64. g4 Ba5 65. Kd3
Kd5 66. g5 Bd8 67. g6 Bf6 68. a5 Kc6 69. a6 Kb6 70. Ke4 Bg7 71. Kf5 1-0

[Event "BEM2013 Allgemeine Gruppe"]
[Site "Roses Westerndorf St. Peter"]
[Date "2013.08.29"]
[Round "7.12"]
[White "Eichner, Manfred"]
[Black "Nagy, Laszlo"]
[Result "1-0"]
[WhiteElo "2042"]
[BlackElo "1945"]
[PlyCount "29"]
[EventDate "2013.??.??"]
[EventCountry "ESP"]
[WhiteTeam "SK 1908 Göggingen"]
[BlackTeam "SG Vogtareuth-Prutting"]

1. e4 d6 2. d4 Nf6 3. Nc3 e5 4. Nf3 Nbd7 5. Bc4 Be7 6. h3 O-O 7. Be3 c6 8. a4
a5 9. O-O exd4 10. Nxd4 Nc5 11. Qf3 Nfxe4 12. Nxe4 Nxe4 13. Qxe4 d5 14. Bxd5
Qxd5 15. Qxe7 1-0

[Event "BEM2013 Allgemeine Gruppe"]
[Site "Roses Westerndorf St. Peter"]
[Date "2013.08.29"]
[Round "7.13"]
[White "Kapfer, Ulrich"]
[Black "Müller, Michael"]
[Result "0-1"]
[WhiteElo "1937"]
[BlackElo "2091"]
[PlyCount "32"]
[EventDate "2013.??.??"]
[EventCountry "ESP"]
[WhiteTeam "SC Dillingen"]
[BlackTeam "SC Bayerwald Regen/Zwiesel e.V."]

1. d4 c5 2. Nf3 cxd4 3. Nxd4 d5 4. e3 Nf6 5. Be2 e5 6. Nf3 Nc6 7. c4 Be6 (7...
Be7) 8. cxd5 Qxd5 9. Qxd5 Nxd5 10. a3 Be7 11. b4 e4 12. Nd4 Nxd4 13. exd4 Rc8
14. O-O O-O 15. Be3 f5 16. g3 g5 0-1

[Event "BEM2013 Allgemeine Gruppe"]
[Site "Roses Westerndorf St. Peter"]
[Date "2013.08.29"]
[Round "7.14"]
[White "Schlichtmann, Robin"]
[Black "Eichinger, Christoph"]
[Result "1/2-1/2"]
[WhiteElo "1983"]
[BlackElo "1989"]
[PlyCount "56"]
[EventDate "2013.??.??"]
[EventCountry "ESP"]
[WhiteTeam "SK Bruckmühl e.V."]
[BlackTeam "TSV Kareth-Lappersdorf"]

1. e4 c5 2. Nc3 Nc6 3. g3 g6 4. Bg2 Bg7 5. d3 d6 6. f4 e6 7. Nf3 Nge7 8. O-O
O-O 9. Be3 b6 10. d4 d5 11. exd5 Nf5 12. Bf2 Ncxd4 13. Ne5 exd5 14. Nxd5 Be6
15. Ne3 Nxe3 16. Bxe3 Rc8 17. c3 Nf5 18. Bf2 Qc7 19. Qe2 Rfd8 20. g4 Ne7 21.
Bh4 Bd5 22. Rad1 Bxg2 23. Qxg2 Rxd1 24. Rxd1 Rd8 25. Qe2 Rxd1+ 26. Qxd1 h6 27.
Bg3 Nc6 28. Qd5 Nxe5 1/2-1/2

[Event "BEM2013 Allgemeine Gruppe"]
[Site "Roses Westerndorf St. Peter"]
[Date "2013.08.29"]
[Round "7.15"]
[White "Lochte, Thomas"]
[Black "Probst, Albert"]
[Result "1-0"]
[WhiteElo "2164"]
[BlackElo "2123"]
[PlyCount "37"]
[EventDate "2013.??.??"]
[EventCountry "ESP"]
[WhiteTeam "SK Weilheim"]
[BlackTeam "SK Bruckmühl e.V."]

1. e4 g6 2. d4 Bg7 3. Nc3 d6 4. Be2 Nd7 5. f4 c5 6. d5 a6 7. a4 b6 8. Nf3 Bb7
9. O-O Qc7 10. Bc4 h6 11. Qe1 f5 12. e5 dxe5 13. fxe5 Nxe5 14. Nxe5 Bxe5 15.
Bxh6 Bxh2+ 16. Kh1 O-O-O 17. Qe6+ Kb8 18. Rae1 Bd6 19. Kg1 1-0

[Event "BEM2013 Allgemeine Gruppe"]
[Site "Roses Westerndorf St. Peter"]
[Date "2013.08.30"]
[Round "8.1"]
[White "Stips, Felix"]
[Black "Bintakies, Michael"]
[Result "1-0"]
[WhiteElo "2287"]
[BlackElo "2189"]
[PlyCount "53"]
[EventDate "2013.??.??"]
[EventCountry "ESP"]
[WhiteTeam "TSV Bindlach Aktionär-Schachabte"]
[BlackTeam "SK Kriegshaber"]

1. Nf3 f5 2. d3 Nc6 3. e4 e5 4. Nc3 Bb4 5. exf5 d5 6. g4 d4 7. a3 Ba5 8. b4
Nxb4 9. axb4 Bxb4 10. Bd2 dxc3 11. Be3 Nf6 12. Nxe5 Qd5 13. g5 Qxe5 14. gxf6
Qxf6 15. Qg4 Bd6 16. Qe4+ Qe7 17. Rg1 O-O 18. Bd4 Rf7 19. f6 Qe6 20. Rxg7+ Rxg7
21. fxg7 Bd7 22. Bg2 Qh6 23. Qxb7 Re8+ 24. Kf1 Bh3 25. Qd5+ Be6 26. Re1 Qd2 27.
Rxe6 1-0

[Event "BEM2013 Allgemeine Gruppe"]
[Site "Roses Westerndorf St. Peter"]
[Date "2013.08.30"]
[Round "8.2"]
[White "Baldauf, Marco"]
[Black "Reich, Thomas"]
[Result "0-1"]
[WhiteElo "2412"]
[BlackElo "2382"]
[PlyCount "23"]
[EventDate "2013.??.??"]
[EventCountry "ESP"]
[WhiteTeam "SG Pang-Rosenheim 1910 e.V."]
[BlackTeam "FC Bayern München e.V."]

1. c4 c5 2. b3 e5 3. Bb2 Nc6 4. Nc3 g6 5. e3 Bg7 6. g3 Nge7 7. Bg2 O-O 8. Nge2
d6 9. O-O Rb8 10. Nd5 Nxd5 11. Bxd5 Bh6 12. Bg2 0-1